| 000 | 00542nam a2200241Ia 4500 | ||
|---|---|---|---|
| 008 | 160803s9999 xx 000 0 und d | ||
| 020 | _a9780545151351 | ||
| 100 | _aStork, Francisco | ||
| 245 | _aIrises / | ||
| 245 | _cFrancisco X. Stork. | ||
| 260 | _aNew York : | ||
| 260 | _bScholastic Inc. | ||
| 260 | _c2012 | ||
| 300 | _aix, 288 pages ; | ||
| 300 | _c22 cm. | ||
| 650 | _aComa-- | ||
| 650 | _aDeath -- | ||
| 650 | _aSisters -- | ||
| 650 | _xFiction. | ||
| 650 | _xFiction. | ||
| 650 | _xFiction. | ||
| 700 | _a660 | ||
| 999 |
_c299804 _d299804 |
||